| 000 | 00797cam a2200253 a 4500 | ||
|---|---|---|---|
| 001 | 16930808 | ||
| 005 | 20180308081332.0 | ||
| 008 | 110822s2012 nyua b 001 0 eng | ||
| 010 | _a 2011937106 | ||
| 020 | _a9781610391269 (hardcover) | ||
| 020 | _a9781610391276 (electronic) | ||
| 040 |
_aDLC _cDLC |
||
| 041 | _aeng | ||
| 042 | _apcc | ||
| 080 | _a332.042 COG | ||
| 082 | 0 | 0 |
_a332.042 COG _223 |
| 100 | 1 | _a52 | |
| 101 | _aEKO | ||
| 245 | 1 | 0 |
_aPaper promises : _cPhilip Coggan. |
| 504 | _aIncludes bibliographical references (p. 282-285) and index. | ||
| 906 |
_a7 _bcbc _corignew _d2 _eepcn _f20 _gy-gencatlg |
||
| 942 |
_2ddc _cBK |
||
| 999 |
_c44492 _d44492 |
||